|
|
|
|
| LEADER |
00000nam a22000007a 4500 |
| 005 |
20140724230325.0 |
| 007 |
cr|||| |||| |
| 008 |
140724s2013 br |||||s|||| 00||0 por d |
| 020 |
|
|
|a 978-85-361-2798-9
|
| 035 |
|
|
|a 12338
|
| 040 |
|
|
|a vLex
|
| 090 |
|
|
|c 5113
|d 5113
|
| 100 |
1 |
|
|a Gomes Jardim, Philippe
|
| 245 |
1 |
0 |
|a Meio Ambiente do Trabalho Aplicado.
|h [Recurso electrn̤ico] :
|b Homenagem aos 10 anos da CODEMAT /
|c Philippe Gomes Jardim, Ronaldo Jos ̌de Lira
|
| 256 |
|
|
|a Servicio en ln̕ea
|
| 260 |
|
|
|a San Pablo:
|b LTR Editora,
|c 2013
|
| 300 |
|
|
|a 1 recurso electrn̤ico
|
| 506 |
1 |
|
|a Disponible solo en los productos indicados
|d vLex Global
|d vLex Global (Academic Edition, excluding Law Schools)
|d vLex Global (U.S. Academic Edition, Law Schools)
|d vLex Global (U.S. Academic Edition, excluding Law Schools)
|d vLex Global (Academic Edition, Law Schools)
|
| 650 |
0 |
4 |
|a Derecho Penal
|z Brasil
|
| 700 |
1 |
|
|a de Lira, Ronaldo Još
|
| 740 |
0 |
|
|a vLex Libros (Servicio en ln̕ea)
|
| 856 |
4 |
0 |
|u http://vlex.com/source/meio-ambiente-trabalho-aplicado-12338
|z Acceso restringido
|
| 942 |
|
|
|c BOOK
|
| 999 |
0 |
|
|a Criminal Law
|